000 00865nam a22002417a 4500
005 20200104041733.0
008 150916b2015 CK ||||| |||| 00| 0 spa d
020 _a978-958-8901-03-9
040 _aCO-BoIAVH
_cCO-BoIAVH
041 _aspa
044 _ack
090 _aMM
_b5894
110 _aMinisterio de Ambiente y Desarrollo Sostenible, Universidad Nacional de Colombia
_938514
245 _aPlan de conservación, manejo y uso sostenible de la palma de cera del Quindío (Ceroxilon Quindiuense), Árbol Nacional de Colombia
260 _aBogota:
_bMinisterio de ambiente y desarrollo sostenible,
_c2015.
300 _a80. p
_bil
650 _aFlora silvestre
_9134
650 _aEspecies Amenazadas
_9157
650 _aPalma de Cera del Quindio
_938508
650 _aAprovechamiento sostenible
_93189
651 _aQuindio
_979291
942 _2z
_cCD-ROM
999 _c17767
_d17767